[Event "2. BUNDESLIGA MITTE"]
[Site "Steyregg, Fuerstenfeld/Sauwald/Villach, St. Veit/Glan, Graz"]
[Date "2016.04.16"]
[Round "10"]
[Board "2"]
[White "Schnider, Gert"]
[Black "Knechtel, Roland"]
[Result "1/2-1/2"]
[WhiteElo "2333"]
[BlackElo "2287"]
[PlyCount "81"]
[EventDate "2015.10.02"]
[EventType "team"]
[EventRounds "11"]
[EventCountry "AUT"]
[WhiteTeam "Schachfreunde Graz"]
[BlackTeam "SPG Sauwald 2"]

1. d4 Nf6 2. c4 e6 3. Nc3 d5 4. Bg5 Nbd7 5. e3 Be7 6. Nf3 O-O 7. Rc1 c6 8. Bd3
dxc4 9. Bxc4 Nd5 10. Bxe7 Qxe7 11. O-O Nxc3 12. Rxc3 e5 13. dxe5 Nxe5 14. Nxe5
Qxe5 15. f4 Qf6 16. e4 Rd8 17. Rd3 Rxd3 18. Qxd3 Be6 19. Bxe6 Qxe6 20. b3 f6
21. Re1 Re8 22. h3 b6 23. Re2 c5 24. e5 g6 25. Kh2 Kf8 26. Kg3 Qc6 27. h4 fxe5
28. fxe5 Kg7 29. Qe3 Qe6 30. Kh2 Rd8 31. h5 h6 32. hxg6 Rd4 33. Rf2 Qxg6 34.
Qf3 Rd8 35. Qh3 Qg5 36. Rf5 Qg6 37. Rf3 Kh7 38. Rg3 Qe4 39. Qe6 Qh4+ 40. Rh3
Qf4+ 41. Rg3 1/2-1/2

[Event "2. BUNDESLIGA MITTE"]
[Site "Steyregg, Fuerstenfeld/Sauwald/Villach, St. Veit/Glan, Graz"]
[Date "2016.04.16"]
[Round "10"]
[Board "3"]
[White "Stadler, Alexander"]
[Black "Domarkaite, Laima"]
[Result "0-1"]
[WhiteElo "2113"]
[BlackElo "2142"]
[PlyCount "68"]
[EventDate "2015.10.02"]
[EventType "team"]
[EventRounds "11"]
[EventCountry "AUT"]
[WhiteTeam "SPG Sauwald 2"]
[BlackTeam "Schachfreunde Graz"]

1. d4 Nf6 2. Bg5 e6 3. Nd2 c5 4. e4 h6 5. Bh4 Qc7 6. c3 d6 7. Ngf3 Nbd7 8. Bd3
b6 9. O-O Bb7 10. Qe2 Nh5 11. Qe3 g5 12. Bg3 e5 13. b4 Bg7 14. Rab1 g4 15. Nh4
exd4 16. cxd4 Bxd4 17. Qe2 Nxg3 18. hxg3 Ne5 19. Bb5+ Bc6 20. Nf5 Bxb5 21.
Qxb5+ Qd7 22. Nxd6+ Kf8 23. Qxd7 Nxd7 24. bxc5 bxc5 (24... Bxc5 25. N2c4 Ke7
26. Nf5+ Ke6 27. Rbd1 Rad8 28. Nce3 h5 29. Nd5 Nb8 30. Kh2 f6 31. f4 Nc6 32.
Rd2 Nb4 33. Nc7+ Kf7 34. Rfd1 Be7 35. Rd7 Rxd7 (35... Nc6 36. R1d6 Rxd7 37.
Rxd7 Rd8 38. Rxd8 Bxd8 39. Nd5 b5 40. Nd6+ Ke6 41. Nxb5 f5 42. Ndc3 Ba5 43.
exf5+ Kxf5 44. Ne2 Bb6 45. Nd6+ Ke6 46. Nc4 Be3 47. Nc3 Bd4 48. Ne2 Be3 49. Nc3
Ne7 50. Ne4 Bd4 51. Ned2 Kd5 52. Na3 Nf5 53. Nc2 Bc5) 36. Rxd7 Rd8 37. Rxd8
Bxd8 38. Nd5 b5) 25. N2c4 Ke7 26. Nf5+ Ke6 27. Rbd1 Rad8 28. Nce3 h5 29. Nd5
Nb8 30. Kh2 f6 31. f4 Nc6 32. Rd2 Nb4 33. Nc7+ Kf7 34. Rfd1 Be5 0-1

[Event "2. BUNDESLIGA MITTE"]
[Site "Steyregg, Fuerstenfeld/Sauwald/Villach, St. Veit/Glan, Graz"]
[Date "2016.04.16"]
[Round "10"]
[Board "4"]
[White "Krockenberger, Martin"]
[Black "Lautner, Josef"]
[Result "0-1"]
[WhiteElo "2228"]
[BlackElo "2211"]
[PlyCount "108"]
[EventDate "2015.10.02"]
[EventType "team"]
[EventRounds "11"]
[EventCountry "AUT"]
[WhiteTeam "Schachfreunde Graz"]
[BlackTeam "SPG Sauwald 2"]

1. c4 e6 2. g3 d5 3. Bg2 Nf6 4. Nf3 Be7 5. O-O O-O 6. b3 c6 7. Bb2 b6 8. d3 Bb7
9. Nbd2 c5 10. cxd5 exd5 11. e3 Nc6 12. a3 Qd7 13. Qc2 Rfd8 14. Rac1 Ba6 15.
Rfe1 Rac8 16. Qb1 h6 17. d4 Qe6 18. Nh4 Bf8 19. dxc5 bxc5 20. h3 Ne5 21. Bxe5
Qxe5 22. Nhf3 Qb8 23. Qf5 Bd6 24. g4 Rc6 25. g5 hxg5 26. Nxg5 Rb6 27. Rcd1 Bh2+
28. Kh1 Be5 29. Qc2 Qc8 30. Rc1 Rc6 31. Ndf3 Re8 32. Red1 Bb7 33. Qd3 Bb8 34.
Kg1 Qc7 35. b4 c4 36. Qd4 Ra6 37. Qh4 Rxa3 38. b5 Ra2 39. Rd2 Rxd2 40. Nxd2
Qh2+ 41. Kf1 Qc7 42. Qd4 Rd8 43. Nb1 Bc8 44. Nc3 Be6 45. Ra1 Qe5 46. Nf3 Qh5
47. Ng1 Be5 48. Qd2 Bf5 49. Bf3 Bxh3+ 50. Ke2 Bg4 51. Rxa7 d4 52. exd4 Rxd4 53.
Ra8+ Kh7 54. Qc2+ Rd3 0-1

[Event "2. BUNDESLIGA MITTE"]
[Site "Steyregg, Fuerstenfeld/Sauwald/Villach, St. Veit/Glan, Graz"]
[Date "2016.04.16"]
[Round "10"]
[Board "5"]
[White "Maier, Christoph"]
[Black "Kastner, Walter"]
[Result "1-0"]
[WhiteElo "2125"]
[BlackElo "2211"]
[PlyCount "107"]
[EventDate "2015.10.02"]
[EventType "team"]
[EventRounds "11"]
[EventCountry "AUT"]
[WhiteTeam "SPG Sauwald 2"]
[BlackTeam "Schachfreunde Graz"]

1. e4 e6 2. d4 d5 3. Nd2 a6 4. Ngf3 c5 5. exd5 exd5 6. Be2 Nc6 7. O-O Bd6 8.
Re1 Nge7 9. dxc5 Bxc5 10. Nb3 Bb6 11. Nfd4 O-O 12. Be3 Ne5 13. Nf3 Bxe3 14.
Nxe5 Bb6 15. Qd2 Be6 16. Rad1 Nc6 17. Nf3 Qf6 18. Nbd4 Rac8 19. c3 h6 20. Nxc6
Rxc6 21. Nd4 Rd6 22. Bf3 Bc8 23. Qe2 Bd7 24. Qe5 Bc6 25. Qxf6 Rxf6 26. Rd2 g6
27. h3 Kg7 28. Red1 Re8 29. Nc2 Rf5 30. Nb4 Ree5 31. Nxd5 Bxd5 32. Rxd5 Rxd5
33. Rxd5 Rxd5 34. Bxd5 a5 35. Bxb7 f5 36. Kf1 Kf6 37. Ke2 Ke5 38. Bc6 g5 39.
Bd7 h5 40. Be8 h4 41. Bd7 Kf4 42. f3 Ke5 43. Kd3 f4 44. Kc4 Kd6 45. Kb5 Bd8 46.
Bf5 Ke5 47. Be4 Kd6 48. b4 Bf6 49. Kxa5 Bxc3 50. Kb5 Bd2 51. a4 Kc7 52. a5 Kb8
53. Kb6 Be3+ 54. Ka6 1-0

[Event "2. BUNDESLIGA MITTE"]
[Site "Steyregg, Fuerstenfeld/Sauwald/Villach, St. Veit/Glan, Graz"]
[Date "2016.04.16"]
[Round "10"]
[Board "1"]
[White "Sandhoefner, Florian"]
[Black "Frosch, Ronald"]
[Result "1-0"]
[WhiteElo "2229"]
[BlackElo "2239"]
[PlyCount "81"]
[EventDate "2015.10.02"]
[EventType "team"]
[EventRounds "11"]
[EventCountry "AUT"]
[WhiteTeam "ASK Case IH SteyrSt. Valentin"]
[BlackTeam "RbEJ Gleisdorf"]

1. e4 c6 2. d4 d5 3. Nd2 dxe4 4. Nxe4 Bf5 5. Bd3 e6 6. Nf3 Nd7 7. O-O Qc7 8.
Bg5 Bxe4 9. Bxe4 Ngf6 10. Bd3 Bd6 11. Qe2 h6 12. Bd2 O-O 13. Rfe1 c5 14. c3
Rad8 15. Rad1 a6 16. Bb1 cxd4 17. cxd4 Rfe8 18. Ne5 Nd5 19. Rc1 Qb8 20. Ba5 b6
21. Bd2 Qb7 22. Qh5 N7f6 23. Qh4 Bb4 24. Bxb4 Nxb4 25. a3 Nbd5 26. f3 Ne7 27.
Qf2 b5 28. Rc5 Rd6 29. Rec1 Qb6 30. a4 Red8 31. a5 Qb8 32. Rd1 Qa7 33. b4 Nfd5
34. Qd2 f6 35. Ng4 Nc6 36. Qc2 Ndxb4 37. Qh7+ Kf8 38. Bg6 Ne7 39. Nxh6 Nxg6 40.
Qg8+ Ke7 41. Qf7# 1-0

[Event "2. BUNDESLIGA MITTE"]
[Site "Steyregg, Fuerstenfeld/Sauwald/Villach, St. Veit/Glan, Graz"]
[Date "2016.04.16"]
[Round "10"]
[Board "2"]
[White "Manhardt, Thomas"]
[Black "Theuretzbacher, Klaus"]
[Result "0-1"]
[WhiteElo "2237"]
[BlackElo "2238"]
[PlyCount "54"]
[EventDate "2015.10.02"]
[EventType "team"]
[EventRounds "11"]
[EventCountry "AUT"]
[WhiteTeam "RbEJ Gleisdorf"]
[BlackTeam "ASK Case IH SteyrSt. Valentin"]

1. e4 d5 2. exd5 Qxd5 3. Nc3 Qd6 4. d4 Nf6 5. Nf3 a6 6. Ne5 Nc6 7. Bf4 Nxd4 8.
Ng6 Qe6+ 9. Ne5 Qd6 10. Bc4 Be6 11. Ng6 Qc6 12. Qxd4 Rd8 13. Qxd8+ Kxd8 14.
O-O-O+ Ke8 15. Bxe6 hxg6 16. Bd5 Nxd5 17. Nxd5 f6 18. Nxc7+ Kf7 19. Nd5 Rh5 20.
Ne3 Qa4 21. c4 Qxa2 22. Rhe1 b5 23. Re2 b4 24. Rd5 b3 25. Nd1 Qa4 26. Rxh5
Qxc4+ 27. Nc3 Qxf4+ 0-1

[Event "2. BUNDESLIGA MITTE"]
[Site "Steyregg, Fuerstenfeld/Sauwald/Villach, St. Veit/Glan, Graz"]
[Date "2016.04.16"]
[Round "10"]
[Board "3"]
[White "Kranzl, Peter"]
[Black "Wegerer, Fred"]
[Result "1/2-1/2"]
[WhiteElo "2168"]
[BlackElo "2128"]
[PlyCount "35"]
[EventDate "2015.10.02"]
[EventType "team"]
[EventRounds "11"]
[EventCountry "AUT"]
[WhiteTeam "ASK Case IH SteyrSt. Valentin"]
[BlackTeam "RbEJ Gleisdorf"]

1. e4 d6 2. d4 Nd7 3. Nc3 g6 4. g3 Bg7 5. Bg2 e5 6. Nge2 Ne7 7. O-O O-O 8. f4
c6 9. Be3 f5 10. fxe5 dxe5 11. dxe5 Nxe5 12. Qxd8 Rxd8 13. Rad1 Re8 14. b3 fxe4
15. Bxe4 Bg4 16. Rd2 Nf5 17. Bf4 Nf7 18. Bd3 {Restliche ZÃƒÂ¼ge sind unleserlich!
} 1/2-1/2

[Event "2. BUNDESLIGA MITTE"]
[Site "Steyregg, Fuerstenfeld/Sauwald/Villach, St. Veit/Glan, Graz"]
[Date "2016.04.16"]
[Round "10"]
[Board "4"]
[White "Watzka, Horst"]
[Black "Tober, Gerhard"]
[Result "1/2-1/2"]
[WhiteElo "2236"]
[BlackElo "2239"]
[PlyCount "53"]
[EventDate "2015.10.02"]
[EventType "team"]
[EventRounds "11"]
[EventCountry "AUT"]
[WhiteTeam "RbEJ Gleisdorf"]
[BlackTeam "ASK Case IH SteyrSt. Valentin"]

1. e4 c5 2. Nf3 Nc6 3. Bb5 g6 4. O-O Bg7 5. Re1 Nh6 6. c3 O-O 7. d3 Qb6 8. Bc4
Na5 9. Nbd2 Nxc4 10. Nxc4 Qc7 11. Ne3 b6 12. d4 cxd4 13. cxd4 Bb7 14. Nd5 Bxd5
15. exd5 Qd6 16. Bxh6 Bxh6 17. Qb3 Rac8 18. Rad1 Rc7 19. Re2 Rfc8 20. Rde1 Rc1
21. g3 Rxe1+ 22. Rxe1 Bg7 23. Kg2 Bh6 24. Kg1 Bg7 25. Kg2 Bh6 26. Kg1 Bg7 27.
Kg2 1/2-1/2

[Event "2. BUNDESLIGA MITTE"]
[Site "Steyregg, Fuerstenfeld/Sauwald/Villach, St. Veit/Glan, Graz"]
[Date "2016.04.16"]
[Round "10"]
[Board "5"]
[White "Dornauer, Joachim"]
[Black "Wanderer, Thomas"]
[Result "1/2-1/2"]
[WhiteElo "2162"]
[BlackElo "2197"]
[PlyCount "60"]
[EventDate "2015.10.02"]
[EventType "team"]
[EventRounds "11"]
[EventCountry "AUT"]
[WhiteTeam "ASK Case IH SteyrSt. Valentin"]
[BlackTeam "RbEJ Gleisdorf"]

1. d4 Nf6 2. c4 d6 3. Nf3 Nbd7 4. Nc3 e5 5. e4 Be7 6. Be2 O-O 7. O-O c6 8. Re1
Re8 9. Bf1 Qc7 10. Bg5 a6 11. Rc1 h6 12. Bh4 Nh7 13. Bxe7 Rxe7 14. b4 Ndf8 15.
d5 Bg4 16. Be2 Rd8 17. Nh4 Bd7 18. Bg4 Ng6 19. Nxg6 fxg6 20. Bxd7 Rexd7 21. Qb3
Nf6 22. Red1 c5 23. bxc5 Qxc5 24. Na4 Qa5 25. f3 b5 26. cxb5 axb5 27. Nb2 Ra7
28. Nd3 Qxa2 29. Qxb5 Qe2 30. Re1 Qd2 1/2-1/2

[Event "2. BUNDESLIGA MITTE"]
[Site "Steyregg, Fuerstenfeld/Sauwald/Villach, St. Veit/Glan, Graz"]
[Date "2016.04.16"]
[Round "10"]
[Board "6"]
[White "Ofner, Maximilian"]
[Black "Weilguni, Johann"]
[Result "1/2-1/2"]
[WhiteElo "2189"]
[BlackElo "2150"]
[PlyCount "120"]
[EventDate "2015.10.02"]
[EventType "team"]
[EventRounds "11"]
[EventCountry "AUT"]
[WhiteTeam "RbEJ Gleisdorf"]
[BlackTeam "ASK Case IH SteyrSt. Valentin"]

1. e4 e5 2. Nf3 Nf6 3. Nc3 Bb4 4. Nd5 Nxd5 5. exd5 d6 6. c3 Bc5 7. d4 exd4 8.
Nxd4 O-O 9. Be3 Nd7 10. Be2 Ne5 11. O-O Qh4 12. Nf3 Nxf3+ 13. Bxf3 Bxe3 14.
fxe3 Bd7 15. Qd4 Qe7 16. Rae1 b6 17. e4 f6 18. c4 Rfe8 19. b4 Qe5 20. Qxe5 Rxe5
21. Rc1 a5 22. a3 axb4 23. axb4 Ra4 24. c5 Bb5 25. cxd6 cxd6 26. Rc8+ Kf7 27.
Rfc1 Rxb4 28. R1c7+ Re7 29. Rxe7+ Kxe7 30. Rc7+ Kf8 31. Kf2 Be8 32. Ke3 Ra4 33.
Kf4 b5 34. Kf5 Ra8 35. Ke6 Rb8 36. Kxd6 b4 37. Rc2 b3 38. Rb2 Ba4 39. Bd1 Rb4
40. Kc5 Rxe4 41. Bxb3 Bxb3 42. Rxb3 Re2 43. Rg3 Kf7 44. Kd6 Rd2 45. Kc6 g6 46.
d6 f5 47. Kc7 f4 48. Rc3 Ke6 49. Rc1 Rxg2 50. d7 Rd2 51. d8=Q Rxd8 52. Kxd8 Kf5
53. Ke7 f3 54. Kf7 Kf4 55. Kf6 f2 56. h4 Kg3 57. Kg5 h6+ 58. Kxg6 Kxh4 59. Kf5
Kg3 60. Kg6 Kg2 1/2-1/2

[Event "2. BUNDESLIGA MITTE"]
[Site "Steyregg, Fuerstenfeld/Sauwald/Villach, St. Veit/Glan, Graz"]
[Date "2016.04.16"]
[Round "10"]
[Board "1"]
[White "Felsberger, Alfred"]
[Black "Genser, Harald"]
[Result "1/2-1/2"]
[WhiteElo "2334"]
[BlackElo "2318"]
[PlyCount "63"]
[EventDate "2015.10.02"]
[EventType "team"]
[EventRounds "11"]
[EventCountry "AUT"]
[WhiteTeam "Union Ansfelden"]
[BlackTeam "ESV Admira Villach"]

1. e4 e6 2. d4 d5 3. Nc3 Nf6 4. Bg5 dxe4 5. Nxe4 Nbd7 6. Nf3 h6 7. Bh4 Be7 8.
Nxf6+ Bxf6 9. Bxf6 Qxf6 10. Qd2 O-O 11. O-O-O e5 12. dxe5 Nxe5 13. Qd4 Ng4 14.
Qxf6 Nxf6 15. Bc4 Re8 16. Nd4 a6 17. b4 Bd7 18. f3 Rac8 19. Nb3 Bb5 20. Bd3
Bxd3 21. Rxd3 b6 22. Rhd1 Re2 23. Rd8+ Rxd8 24. Rxd8+ Re8 25. Rxe8+ Nxe8 26.
Nd4 Nf6 27. c4 Nd7 28. Nc6 f6 29. Kc2 Kf7 30. Kc3 Ke6 31. a3 Kd6 32. Nd4
 1/2-1/2

[Event "2. BUNDESLIGA MITTE"]
[Site "Steyregg, Fuerstenfeld/Sauwald/Villach, St. Veit/Glan, Graz"]
[Date "2016.04.16"]
[Round "10"]
[Board "2"]
[White "Perhinig, Robert"]
[Black "Weiss, Christian"]
[Result "0-1"]
[WhiteElo "2262"]
[BlackElo "2353"]
[PlyCount "74"]
[EventDate "2015.10.02"]
[EventType "team"]
[EventRounds "11"]
[EventCountry "AUT"]
[WhiteTeam "ESV Admira Villach"]
[BlackTeam "Union Ansfelden"]

1. Nf3 Nf6 2. c4 e6 3. g3 a6 4. Bg2 b5 5. O-O Bb7 6. Qc2 bxc4 7. Qxc4 c5 8. d4
Bd5 9. Qc2 Be4 10. Qc4 d5 11. Qa4+ Qd7 12. Qd1 cxd4 13. Nxd4 Bxg2 14. Kxg2 Bc5
15. Nc3 h6 16. a3 O-O 17. b4 Bxd4 18. Qxd4 Nc6 19. Qh4 Ne7 20. Bb2 e5 21. Qh3
Qc6 22. Kg1 d4 23. Nd1 Rad8 24. Qg2 Ne4 25. Rc1 Qg6 26. e3 Nd2 27. Re1 e4 28.
Bxd4 Nf3+ 29. Kf1 Nxe1 30. Kxe1 Nf5 31. Bc5 Nh4 32. Qh3 Nf3+ 33. Kf1 Rfe8 34.
Nc3 Rd2 35. Ne2 Qc6 36. Nd4 Nxd4 37. exd4 e3 0-1

[Event "2. BUNDESLIGA MITTE"]
[Site "Steyregg, Fuerstenfeld/Sauwald/Villach, St. Veit/Glan, Graz"]
[Date "2016.04.16"]
[Round "10"]
[Board "3"]
[White "Moser, Guenter"]
[Black "Riemelmoser, Franz"]
[Result "1/2-1/2"]
[WhiteElo "2313"]
[BlackElo "2331"]
[PlyCount "80"]
[EventDate "2015.10.02"]
[EventType "team"]
[EventRounds "11"]
[EventCountry "AUT"]
[WhiteTeam "Union Ansfelden"]
[BlackTeam "ESV Admira Villach"]

1. Nf3 e6 2. g3 c5 3. Bg2 Nc6 4. O-O d5 5. d3 Nf6 6. Nbd2 Be7 7. c3 O-O 8. a3
a5 9. Qc2 b5 10. e4 Ba6 11. exd5 exd5 12. Re1 Re8 13. Nf1 Qd7 14. Bf4 h6 15.
Ne5 Nxe5 16. Bxe5 Rac8 17. d4 c4 18. Ne3 Bb7 19. Bxf6 Bxf6 20. Qf5 Qxf5 21.
Nxf5 Re6 22. Rxe6 fxe6 23. Nd6 Rb8 24. Re1 b4 25. axb4 axb4 26. Bh3 Bc6 27.
Bxe6+ Kh7 28. Bg4 Ra8 29. Nf5 Ra2 30. Rb1 Be8 31. Ne3 Bg6 32. Bf5 Bxf5 33. Nxf5
bxc3 34. bxc3 Rc2 35. Ne3 Rxc3 36. Nxd5 Rd3 37. Nxf6+ gxf6 38. Rb7+ Kg6 39. Kf1
Kf5 40. Ke2 Ke4 1/2-1/2

[Event "2. BUNDESLIGA MITTE"]
[Site "Steyregg, Fuerstenfeld/Sauwald/Villach, St. Veit/Glan, Graz"]
[Date "2016.04.16"]
[Round "10"]
[Board "4"]
[White "Frank, Dieter"]
[Black "Ennsberger, Ulrich"]
[Result "1/2-1/2"]
[WhiteElo "2170"]
[BlackElo "2314"]
[PlyCount "97"]
[EventDate "2015.10.02"]
[EventType "team"]
[EventRounds "11"]
[EventCountry "AUT"]
[WhiteTeam "ESV Admira Villach"]
[BlackTeam "Union Ansfelden"]

1. e4 c6 2. d4 d5 3. exd5 cxd5 4. c4 Nf6 5. Nc3 e6 6. Nf3 Be7 7. cxd5 Nxd5 8.
Bd3 Nc6 9. O-O O-O 10. a3 Bf6 11. Be4 Nce7 12. Qb3 Qb6 13. Qxb6 Nxb6 14. Bf4
Rd8 15. Rfd1 Ned5 16. Be5 Be7 17. Rac1 f6 18. Bg3 a6 19. h3 Nxc3 20. Rxc3 Nd5
21. Rcc1 b5 22. Bc2 Bd7 23. Bb3 Rdc8 24. Re1 Kf7 25. Nd2 Rc6 26. Rxc6 Bxc6 27.
Rc1 Bb7 28. Ne4 Nf4 29. Bxf4 Bxe4 30. Re1 Bd5 31. Bxd5 exd5 32. Rc1 g5 33. Bd2
h5 34. Kf1 Bd6 35. Rc6 Ke7 36. Bb4 Bxb4 37. axb4 a5 38. Rb6 axb4 39. Rxb5 Ke6
40. Ke2 Ra1 41. Rxb4 Kf5 42. Rb6 Rb1 43. f3 h4 44. Ke3 Re1+ 45. Kf2 Rd1 46. Ke3
Re1+ 47. Kf2 Rd1 48. Ke3 Re1+ 49. Kf2 1/2-1/2

[Event "2. BUNDESLIGA MITTE"]
[Site "Steyregg, Fuerstenfeld/Sauwald/Villach, St. Veit/Glan, Graz"]
[Date "2016.04.16"]
[Round "10"]
[Board "5"]
[White "Mostbauer, Maximilian"]
[Black "Hafner, Robert"]
[Result "1-0"]
[WhiteElo "2171"]
[BlackElo "2004"]
[PlyCount "81"]
[EventDate "2015.10.02"]
[EventType "team"]
[EventRounds "11"]
[EventCountry "AUT"]
[WhiteTeam "Union Ansfelden"]
[BlackTeam "ESV Admira Villach"]

1. d4 d5 2. Nf3 Nf6 3. c4 c6 4. Nc3 dxc4 5. a4 Bf5 6. e3 e6 7. Bxc4 Bb4 8. O-O
Nbd7 9. Qe2 Bg6 10. Bd3 O-O 11. Bxg6 hxg6 12. e4 Re8 13. Rd1 Qa5 14. e5 Nd5 15.
Ne4 Rab8 16. Bd2 c5 17. Nd6 Re7 18. Qb5 Bxd2 19. Rxd2 Qb4 20. dxc5 Nxc5 21. Rc2
b6 22. Rc4 Qxb5 23. axb5 Nd3 24. b3 Rd7 25. g3 f6 26. Rc8+ Rxc8 27. Nxc8 Nxe5
28. Nxe5 fxe5 29. Nxa7 Nc3 30. Nc6 Rd5 31. Ne7+ Kf7 32. Nxd5 exd5 33. Ra7+ Ke8
34. Rxg7 d4 35. Kf1 Nxb5 36. Rxg6 d3 37. Ke1 Nd4 38. Rxb6 Kd7 39. Kd2 e4 40.
Rb4 Nf3+ 41. Kd1 1-0

[Event "2. BUNDESLIGA MITTE"]
[Site "Steyregg, Fuerstenfeld/Sauwald/Villach, St. Veit/Glan, Graz"]
[Date "2016.04.16"]
[Round "10"]
[Board "6"]
[White "Bartl, Ulf"]
[Black "Mostbauer, Florian"]
[Result "0-1"]
[WhiteElo "1954"]
[BlackElo "2238"]
[PlyCount "54"]
[EventDate "2015.10.02"]
[EventType "team"]
[EventRounds "11"]
[EventCountry "AUT"]
[WhiteTeam "ESV Admira Villach"]
[BlackTeam "Union Ansfelden"]

1. c4 c6 2. g3 d5 3. Bg2 Nf6 4. Nf3 Bf5 5. O-O e6 6. Qb3 Qb6 7. Qxb6 axb6 8.
cxd5 exd5 9. d3 Bc5 10. Bf4 O-O 11. d4 Bb4 12. Bd2 Bd6 13. Nc3 Re8 14. a3 h6
15. h3 Nbd7 16. Bf4 Bf8 17. Rfd1 b5 18. g4 Bc2 19. Rdc1 Bg6 20. Nd2 Nb6 21. Bc7
Na4 22. Nxa4 Rxa4 23. e3 Rea8 24. f4 Bd3 25. Rc3 Be4 26. Nxe4 dxe4 27. Rd1 Nd5
 0-1

[Event "2. BUNDESLIGA MITTE"]
[Site "Steyregg, Fuerstenfeld/Sauwald/Villach, St. Veit/Glan, Graz"]
[Date "2016.04.16"]
[Round "10"]
[Board "1"]
[White "Burlacu, Bogdan"]
[Black "Velicka, Petr"]
[Result "1/2-1/2"]
[WhiteElo "2291"]
[BlackElo "2432"]
[PlyCount "87"]
[EventDate "2015.10.02"]
[EventType "team"]
[EventRounds "11"]
[EventCountry "AUT"]
[WhiteTeam "Union Hartkirchen"]
[BlackTeam "SV Steyregg"]

1. e4 c6 2. d4 d5 3. e5 Bf5 4. Nd2 e6 5. Nb3 Nd7 6. Nf3 Ne7 7. Be2 Nc8 8. O-O
Be7 9. Bd2 O-O 10. Rc1 Ncb6 11. Na5 Rb8 12. a3 c5 13. c4 dxc4 14. Nxc4 Nxc4 15.
Bxc4 Bg4 16. Be3 cxd4 17. Bxd4 Bc5 18. Be2 Qe7 19. b4 Bb6 20. Bb2 Rfd8 21. Nd2
Bf5 22. Qb3 Nf8 23. Nc4 Bc7 24. Qe3 Ra8 25. Rcd1 Rxd1 26. Rxd1 b6 27. Nd6 Rd8
28. Nxf5 Rxd1+ 29. Bxd1 exf5 30. Bc2 Qd7 31. Qd3 Qxd3 32. Bxd3 g6 33. f4 Ne6
34. g3 Bd8 35. Kf2 Be7 36. Ke3 Kf8 37. h3 h5 38. Be2 Ke8 39. g4 hxg4 40. hxg4
fxg4 41. Bxg4 Kd7 42. f5 gxf5 43. Bxf5 Ke8 44. Ke4 1/2-1/2

[Event "2. BUNDESLIGA MITTE"]
[Site "Steyregg, Fuerstenfeld/Sauwald/Villach, St. Veit/Glan, Graz"]
[Date "2016.04.16"]
[Round "10"]
[Board "2"]
[White "Enoeckl, Philipp"]
[Black "Jurek, Josef"]
[Result "0-1"]
[WhiteElo "2362"]
[BlackElo "2289"]
[PlyCount "48"]
[EventDate "2015.10.02"]
[EventType "team"]
[EventRounds "11"]
[EventCountry "AUT"]
[WhiteTeam "SV Steyregg"]
[BlackTeam "Union Hartkirchen"]

1. d4 e6 2. c4 Nf6 3. Nc3 Bb4 4. f3 d5 5. a3 Bxc3+ 6. bxc3 c6 7. Qc2 O-O 8. e4
dxe4 9. fxe4 e5 10. Nf3 Re8 11. Bd3 c5 12. O-O cxd4 13. cxd4 Bg4 14. dxe5 Bxf3
15. gxf3 Qd4+ 16. Kh1 Qxa1 17. Bb2 Qxf1+ 18. Bxf1 Nfd7 19. Qd2 Nc5 20. Qd5 Nba6
21. e6 Nxe6 22. Bh3 Nac5 23. Bc3 Rad8 24. Qe5 Rd1+ 0-1

[Event "2. BUNDESLIGA MITTE"]
[Site "Steyregg, Fuerstenfeld/Sauwald/Villach, St. Veit/Glan, Graz"]
[Date "2016.04.16"]
[Round "10"]
[Board "3"]
[White "Kleibel, Uwe"]
[Black "Kirschner, Alexander"]
[Result "0-1"]
[WhiteElo "2212"]
[BlackElo "2186"]
[PlyCount "98"]
[EventDate "2015.10.02"]
[EventType "team"]
[EventRounds "11"]
[EventCountry "AUT"]
[WhiteTeam "Union Hartkirchen"]
[BlackTeam "SV Steyregg"]

1. d4 e6 2. Nf3 Nf6 3. Bg5 h6 4. Bh4 c5 5. e3 b6 6. Bd3 Bb7 7. O-O Be7 8. c4
O-O 9. Nc3 cxd4 10. exd4 d5 11. Qe2 dxc4 12. Bxc4 Nc6 13. Rfd1 Nd5 14. Bg3 Na5
15. Bd3 Nxc3 16. bxc3 Rc8 17. Rac1 Qd5 18. c4 Qh5 19. Bb1 g6 20. Be5 Rfd8 21.
Bd3 Rd7 22. Rb1 Bxf3 23. gxf3 Nc6 24. Bc2 Rcd8 25. Rb5 a6 26. Rxb6 Nxd4 27.
Rxd4 Rxd4 28. Bxd4 Qg5+ 29. Kf1 Rxd4 30. Bd3 Qc1+ 31. Kg2 Qg5+ 32. Kf1 Rh4 33.
Qe3 Qxe3 34. fxe3 Rxh2 35. Rxa6 Bc5 36. Be4 Bxe3 37. a4 Ra2 38. Bc6 h5 39. Ra8+
Kg7 40. Rd8 h4 41. Rd3 Bf4 42. Rd1 h3 43. Kg1 g5 44. Bb5 f5 45. Bd7 Kf6 46. Re1
Be5 47. c5 g4 48. fxg4 fxg4 49. c6 g3 0-1

[Event "2. BUNDESLIGA MITTE"]
[Site "Steyregg, Fuerstenfeld/Sauwald/Villach, St. Veit/Glan, Graz"]
[Date "2016.04.16"]
[Round "10"]
[Board "4"]
[White "Richterova, Natasa"]
[Black "Windhager, Hannes"]
[Result "1/2-1/2"]
[WhiteElo "2187"]
[BlackElo "2176"]
[PlyCount "41"]
[EventDate "2015.10.02"]
[EventType "team"]
[EventRounds "11"]
[EventCountry "AUT"]
[WhiteTeam "SV Steyregg"]
[BlackTeam "Union Hartkirchen"]

1. d4 Nf6 2. c4 g6 3. Nc3 Bg7 4. e4 d6 5. Be2 O-O 6. Nf3 e5 7. O-O Nc6 8. dxe5
dxe5 9. Qxd8 Rxd8 10. Bg5 Nd4 11. Nxd4 Rxd4 12. Be3 Rd7 13. Rad1 c6 14. f3 Rxd1
15. Rxd1 Be6 16. b3 Bf8 17. Na4 b6 18. g3 Nd7 19. f4 exf4 20. gxf4 Ne5 (20...
Nf6 21. e5 Ng4 22. Bc1 Rc8 23. Kg2 Nh6 24. Nc3 Nf5 25. Ne4 Bg7 (25... Be7 26.
Kf2 c5 27. Bb2 Bh4+ 28. Ng3 Nh6 29. Rd2 Rd8 30. Rxd8+ Bxd8 31. Ne4 Bh4+ 32. Ke3
Ng4+ (32... Nf5+ 33. Kd3 h6 34. Bf3 Kf8 35. Nc3 Nd4 36. Be4 Bf2 37. Nd5 Bf5 38.
Bxf5 Nxf5 39. Nf6 Bg1 40. h3 Ke7 41. Nd5+ Kd7 42. a4 Kc6 43. Ke4 Ng3+ 44. Kf3
Nf5 45. Ke4 Ng3+ 46. Kf3) 33. Kd3 h6 34. Bf3 Kf8 35. Nc3) 26. Kf2 c5 27. Bb2)
21. fxe5 1/2-1/2

[Event "2. BUNDESLIGA MITTE"]
[Site "Steyregg, Fuerstenfeld/Sauwald/Villach, St. Veit/Glan, Graz"]
[Date "2016.04.16"]
[Round "10"]
[Board "5"]
[White "Konrad, Edmund"]
[Black "Wiesinger, Robert"]
[Result "1/2-1/2"]
[WhiteElo "2193"]
[BlackElo "2176"]
[PlyCount "71"]
[EventDate "2015.10.02"]
[EventType "team"]
[EventRounds "11"]
[EventCountry "AUT"]
[WhiteTeam "Union Hartkirchen"]
[BlackTeam "SV Steyregg"]

1. e4 e5 2. Nf3 Nc6 3. Bb5 a6 4. Ba4 Nf6 5. O-O Be7 6. Bxc6 dxc6 7. d3 Nd7 8.
b3 O-O 9. Bb2 f6 10. Nbd2 Nc5 11. d4 exd4 12. Nxd4 Ne6 13. N2f3 Nxd4 14. Nxd4
c5 15. Nf5 Bxf5 16. exf5 Qxd1 17. Raxd1 Rad8 18. g3 Kf7 19. Kg2 Rfe8 20. Kf3
Rxd1 21. Rxd1 Bd6 22. a4 Re7 23. Bc3 Ke8 24. Re1 Kd7 25. Rxe7+ Bxe7 26. g4 Kc6
27. Ke4 b5 28. axb5+ axb5 29. g5 Kd6 30. h4 Kd7 31. Bd2 c6 32. Be3 Ke8 33. g6
h5 34. Bf4 Kd7 35. Bh6 Bf8 36. Bf4 1/2-1/2